| 000 | 00942cam a2200277 i 4500 | ||
|---|---|---|---|
| 999 |
_c200441927 _d60139 |
||
| 003 | TR-AnTOB | ||
| 005 | 20230227121039.0 | ||
| 007 | ta | ||
| 008 | 981102s1986 tu 100 0 tur d | ||
| 040 |
_aSULEY _beng _erda _cSULEY _dTR-AnTOB |
||
| 041 | 0 | _atur | |
| 050 | 1 | 4 |
_aT27.T9 _bT45 1986 |
| 090 |
_aT27.T9 _bT45 1986 |
||
| 111 | 2 |
_aTeknoloji Milli Kongresi _n(2. : _d1986 : _cAnkara) _9140927 |
|
| 245 | 1 | 0 |
_aTeknoloji 2. milli kongresi : _byatırım malları semineri : 6-7 Mayıs 1986 / _cSanayii ve Ticaret Bakanlığı. |
| 264 | 1 |
_aAnkara : _bSanayii ve Ticaret Bakanlığı, _c1986. |
|
| 300 |
_a444 pages ; _c24 cm |
||
| 336 |
_atext _btxt _2rdacontent |
||
| 337 |
_aunmediated _bn _2rdamedia |
||
| 338 |
_avolume _bnc _2rdacarrier |
||
| 650 | 7 |
_aTeknoloji _zTürkiye _vKongreler _2etuturkob _9122355 |
|
| 710 | 1 |
_aTurkey. _bSanayi ve Ticaret Bakanlığı _9130427 |
|
| 942 |
_2lcc _cBK |
||